Statistics for European Countries with an Even Number of Letters

Click here to take the quiz!

General Stats

  • This quiz has been taken 84 times
    (73 since last reset)
  • The average score is 14 of 18

Answer Stats

Country% Correct
Norway
89%
Russia
89%
Sweden
89%
Kosovo
84%
Greece
83%
France
81%
Latvia
81%
Poland
81%
Bosnia and Herzegovina
78%
Bulgaria
78%
Luxembourg
76%
Serbia
76%
North Macedonia
71%
Monaco
70%
Portugal
70%
Slovakia
68%
Slovenia
67%
Montenegro
65%

Score Distribution

Percentile by Number Answered

Percent of People with Each Score

Your Score History

You have not taken this quiz since the last reset